[Event "CAN-ch U12"]
[Site "Windsor"]
[Date "2016.07.08"]
[Round "7.58"]
[White "Richard, Leo"]
[Black "Chen, Harry"]
[Result "0-1"]
[WhiteElo "1423"]
[BlackElo "1505"]
[PlyCount "140"]
[EventDate "2016.07.05"]
[EventType "swiss"]
[EventRounds "7"]
[EventCountry "CAN"]
[SourceTitle "EXT 2022"]
[Source "ChessBase"]
[SourceDate "2021.10.06"]
[SourceVersion "1"]
[SourceVersionDate "2021.10.06"]
[SourceQuality "1"]

1. e4 e5 2. Nf3 Nc6 3. Bb5 a6 4. Ba4 Nf6 5. 0-0 Be7 6. Re1 b5 7. Bb3 d6 8. a4 b4 9. d3 0-0 10. Nbd2 Na5 11. Ba2 c5 12. Nc4 Nc6 13. Ne3 Be6 14. Bc4 Na5 15. Qe2 Nxc4 16. dxc4 Nxe4 17. Qd3 Nf6 18. Ng5 h6 19. Nxe6 fxe6 20. Nf1 Qe8 21. Qg3 Qf7 22. f3 Nh5 23. Qg4 Kh8 24. f4 Nxf4 25. Bxf4 Qxf4 26. Qxe6 Qf6 27. Qxf6 Rxf6 28. Ng3 Raf8 29. Re2 a5 30. Rd1 g6 31. Red2 Rf4 32. b3 h5 33. Ne2 R4f7 34. Ng3 Rf4 35. Ne2 Re4 36. Ng3 Rd4 37. Rxd4 exd4 38. Rd3 Bf6 39. Ne4 Be5 40. g3 Kg7 41. Kg2 Rf7 42. Kg1 Kf8 43. Kg2 Ke7 44. h3 Kd7 45. Kg1 Kc6 46. Kg2 d5 47. cxd5+ Kxd5 48. Nd2 g5 49. Kg1 h4 50. g4 Bf4 51. Nc4 Bg3 52. Ne3+ Ke4 53. Nf5 Rc7 54. Nxg3+ hxg3 55. Rxg3 c4 56. bxc4 Rxc4 57. Rg2 Rc3 58. Kh2 Ra3 59. h4 gxh4 60. g5 Rc3 61. g6 Rc8 62. g7 Rg8 63. Kh3 d3 64. Kxh4 dxc2 65. Rxc2 Rxg7 66. Rc5 Ra7 67. Kg3 Kd4 68. Rc1 b3 69. Kf3 b2 70. Rh1 Rb7 0-1